000 00409nam a2200157Ia 4500
008 210210b1977 xxu||||| |||| 00| 0 eng d
082 _a539.7 SUBA
100 _aSUBRAHMANYAM (N) & BRIJ LAL.
245 _aAtomic and nuclear physics.Ed 5.
250 _a
260 _aN D
_bS. Chand & Co. Ltd.
_c1977
300 _ax,118
650 _aAtomic Nuclear Physics
690 _aAtomic Physics
906 _a053532
999 _c101657
_d101657